000 00658nam a2200253Ia 4500
003 OSt
005 20220918223711.0
006 a|||||r|||| 00| 0
007 ta
008 220917b |||||||| |||| 00| 0 eng d
024 _a224,823
037 _cTextual
040 _aARTS
_cARTS
_beng
041 _2eng
_aeng
082 _aR4, N3;P3
100 _aBillington Ray
_916867
245 0 _aLiving philosophy
_b an introduction to moral thought
250 _a3rd
260 _aLondon
_bRoutledge
_c2003
300 _axviii, 354p
_ccm.
650 _aETHICS
942 _hR4, N3;P3
_cTEXL
_2CC
999 _c279256
_d279256